| 000 | 00819aas a2200253 4500 | ||
|---|---|---|---|
| 999 |
_c884 _d884 |
||
| 003 | BR-BrBNA | ||
| 005 | 20230317232929.0 | ||
| 007 | ta | ||
| 008 | 230119b bl ||||| |||| 00| 0 por d | ||
| 022 | _a0100-3461 | ||
| 035 | _a000485-5 | ||
| 040 |
_aBR-BrBNA _bPor _cBR-BrBNA |
||
| 042 | _a056556-3 | ||
| 044 | _abl | ||
| 245 | _aPoliagro (Brazil) | ||
| 260 |
_aBandeirante-PR _bFundação Faculdade de Agronomia Luiz Meneghel _c1977. Data final de publicação em 1991 _eBPR |
||
| 270 | _aRodovia BR 369 - Km 54 - Caixa Postal 271 - 86360-000 | ||
| 310 | _airregular | ||
| 500 | _aInterrompido em 1978/79. Voltou a ser publicado em 1980 | ||
| 505 | _a1977 1(1-2); 1980-83 1-5(1-2); 1984 6(1-2,8); 1985 7(1-2,9); 1986 8(1-2); 1987 9(1); 1991 (10); | ||
| 650 | 1 | 2 | _gAgronomia |
| 909 |
_a56 _bSergio Santos _c56 _dSergio Santos |
||
| 942 |
_cCR _2AGRIS |
||